| 000 | 00601nam a22002052 4500 | ||
|---|---|---|---|
| 001 | 0000000076 | ||
| 005 | 20151217151743.0 | ||
| 008 | 070109s xx 000 0 eng d | ||
| 020 |
_a039397622X : _cKES 4,350 |
||
| 040 |
_aKABU _cKABU |
||
| 100 | 1 |
_aReisberg, Daniel. _@0000148038 |
|
| 245 | 1 | 0 |
_aCognition : _bexploring the science of the mind / _cDaniel Reisberg. |
| 250 | _a2nd ed. | ||
| 260 |
_aLondon : _bW.W. Norton, _c2001. |
||
| 300 | _axii, 502 [93] p. | ||
| 650 | 0 |
_aCognition. _@0000016422 |
|
| 908 | _a070109 | ||
| 950 | _@1 | ||
| 999 |
_c4715 _d4715 |
||